| 000 | 00788nam a2200253 a 4500 | ||
|---|---|---|---|
| 008 | |||
| 020 | _a0751707422 (pbk.) | ||
| 049 | _aMAIN | ||
| 090 |
_aHF5635 _bASS |
||
| 110 | _aAssociation of Chartered Certified Accountants. | ||
| 245 | 1 | 0 |
_aFinancial reporting : _binternational stream paper 2.5 / _cACCA. |
| 260 |
_aLondon : _bBPP, _c2001. |
||
| 300 |
_axii, 616 p. ; _c29 cm. |
||
| 440 | _aACCA Study Text. | ||
| 500 | _aIncludes index. | ||
| 650 | _aFinancial Reporting. | ||
| 650 |
_aFinancial reporting _vExaminations, questions, etc. |
||
| 740 | _aAdvanced financial reporting : paper 2.5. | ||
| 907 |
_a.b10235589 _b21-02-12 _c06-03-07 |
||
| 003 | |||
| 005 | 20230123134435.0 | ||
| 040 | _cNUST | ||
| 942 |
_cBOOKS _kHF5635 _mASS |
||
| 999 |
_c165967 _d165967 |
||